Kúpeľníctvo
Salvato in:
| Autore principale: | |
|---|---|
| Ente Autore: | |
| Altri autori: | , |
| Natura: | Libro |
| Lingua: | slovacco |
| Pubblicazione: |
Bratislava
Vydavateľstvo EKONÓM
2003
|
| Soggetti: | |
| Tags: |
Nessun Tag, puoi essere il primo ad aggiungerne!!
|
MARC
| LEADER | 00000nam a2200000 4500 | ||
|---|---|---|---|
| 001 | c142857 | ||
| 005 | 20221108125223.8 | ||
| 020 | |a 80-225-1687-2 | ||
| 041 | 0 | |a slo | |
| 044 | |a SK | ||
| 245 | 1 | 0 | |a Kúpeľníctvo |c Darina Eliašová a kolektív |
| 264 | 1 | |a Bratislava |b Vydavateľstvo EKONÓM |c 2003 | |
| 300 | |a 150 s. | ||
| 610 | 2 | 0 | |a kúpele |
| 610 | 2 | 0 | |a kúpeľníctvo |
| 610 | 2 | 0 | |a história |
| 610 | 2 | 0 | |a zdroje prírodné |
| 610 | 2 | 0 | |a bohatstvo prírodné |
| 610 | 2 | 0 | |a liečenie kúpeľné |
| 610 | 2 | 0 | |a úpravy právne |
| 610 | 2 | 0 | |a základňa technická |
| 610 | 2 | 0 | |a organizácia riadenia |
| 610 | 2 | 0 | |a správa štátna |
| 610 | 2 | 0 | |a správa miestna |
| 610 | 2 | 0 | |a podnikanie |
| 610 | 2 | 0 | |a podnik |
| 610 | 2 | 0 | |a financie |
| 610 | 2 | 0 | |a majetok |
| 610 | 2 | 0 | |a manažment |
| 610 | 2 | 0 | |a ciele podnikové |
| 610 | 2 | 0 | |a marketing |
| 610 | 2 | 0 | |a služby |
| 610 | 2 | 0 | |a normy ISO |
| 610 | 2 | 0 | |a zdravotníctvo |
| 610 | 2 | 0 | |a kvalita |
| 610 | 2 | 0 | |a ruch cestovný |
| 610 | 2 | 0 | |a Slovensko |
| 610 | 2 | 0 | |a Európa |
| 100 | 1 | |a Eliašová, Darina | |
| 700 | 1 | |a Pachingerová, Mária | |
| 700 | 1 | |a Dendiš, Ľubomír | |
| 710 | 2 | |a Ekonomická univerzita v Bratislave. Obchodná fakulta | |